Notes on pottery clays : the distribution, properties, uses, and analyses of ball clays, china clays and china stone (Record no. 90648)

MARC details
000 -LEADER
fixed length control field 00560cam a2200205 4500
001 - CONTROL NUMBER
control field B874
008 - FIXED-LENGTH DATA ELEMENTS--GENERAL INFORMATION
fixed length control field 090401t1901 xxu||||| |||| 00| 0 eng d
035 ## - SYSTEM CONTROL NUMBER
System control number (Sirsi) u38462
041 ## - LANGUAGE CODE
Language code of text/sound track or separate title eng
050 ## - LIBRARY OF CONGRESS CALL NUMBER
Classification number 553.61
100 ## - MAIN ENTRY--PERSONAL NAME
Personal name Fairie, James
245 ## - TITLE STATEMENT
Title Notes on pottery clays : the distribution, properties, uses, and analyses of ball clays, china clays and china stone
260 ## - PUBLICATION, DISTRIBUTION, ETC.
Place of publication, distribution, etc. London
Name of publisher, distributor, etc. Scott Greenwood and Co
Date of publication, distribution, etc. 1901
300 ## - PHYSICAL DESCRIPTION
Extent iii,132p. ; 19cm.
350 ## - PRICE (NR) (BK AM CF MU VM SE) [OBSOLETE]
Price 0
650 ## - SUBJECT ADDED ENTRY--TOPICAL TERM
Topical term or geographic name entry element CHINA CLAY
650 ## - SUBJECT ADDED ENTRY--TOPICAL TERM
Topical term or geographic name entry element CLAY
942 ## - ADDED ENTRY ELEMENTS (KOHA)
Suppress in OPAC 0
948 ## - LOCAL PROCESSING INFORMATION (OCLC); SERIES PART DESIGNATOR (RLIN)
c (OCLC) 04/03/1997
Holdings
Withdrawn status Lost status Source of classification or shelving scheme Damaged status Not for loan Home library Current library Shelving location Date acquired Total Checkouts Full call number Barcode Date last seen Copy number Price effective from Koha item type
    Other/Generic Classification Scheme     London London Basement 14/09/1999   RESERVE SHELVES 30015421 06/08/2019 1 06/08/2019 Reference material